All charged up (Record no. 72447)

MARC details
000 -LEADER
fixed length control field 01276cam a2200217 4500
001 - CONTROL NUMBER
control field ABS66563
008 - FIXED-LENGTH DATA ELEMENTS--GENERAL INFORMATION
fixed length control field 030404n2003 000 0 eng u
035 ## - SYSTEM CONTROL NUMBER
System control number (Sirsi) u121900
100 1# - MAIN ENTRY--PERSONAL NAME
Personal name Ieromonachou, P.
245 00 - TITLE STATEMENT
Title All charged up
Remainder of title early lessons from the Durham congestion charging scheme
260 ## - PUBLICATION, DISTRIBUTION, ETC.
Date of publication, distribution, etc. 2003
490 #0 - SERIES STATEMENT
Series statement Town & Country Planning
Volume/sequential designation 72(2) February 2003, 44-48(5)
520 ## - SUMMARY, ETC.
Summary, etc. Examines the development and performance to date of the Durham congestion charging scheme and highlights lessons for future road user charging projects. The Durham scheme started on 1 October 2002 with the council charging motorists £2 to exit the city centre between 1000 and 1600. Discusses the background to the scheme and its initial performance, suggesting that the scheme has proved successful. Provides a number of lessons for other congestion schemes and compares Durham's project to the new scheme in London. Also briefly looks at proposed congestion charging schemes in Bristol, Leeds and Edinburgh. Includes websites.
590 ## - LOCAL NOTE (RLIN)
Local note ABS
650 24 - SUBJECT ADDED ENTRY--TOPICAL TERM
Topical term or geographic name entry element DURHAM CONGESTION CHARGE ZONE
651 #4 - SUBJECT ADDED ENTRY--GEOGRAPHIC NAME
Geographic name United Kingdom
Chronological subdivision
690 ## - LOCAL SUBJECT ADDED ENTRY--TOPICAL TERM (OCLC, RLIN)
Topical term or geographic name as entry element PROPERTY-INFRASTRUCTURE-TRANSPORT INFRASTRUCTURE-ROAD INFRASTRUCTURE
700 1# - ADDED ENTRY--PERSONAL NAME
Personal name Enoch, M.
700 1# - ADDED ENTRY--PERSONAL NAME
Personal name Potter, S.
942 ## - ADDED ENTRY ELEMENTS (KOHA)
Suppress in OPAC 0
Holdings
Withdrawn status Lost status Source of classification or shelving scheme Damaged status Not for loan Home library Current library Shelving location Date acquired Total Checkouts Full call number Barcode Date last seen Copy number Price effective from Koha item type
    Dewey Decimal Classification     London London Journal article 04/04/2003   ABS66563 121900-1001 06/08/2019 1 06/08/2019 Journal article